000 00609nam a2200181 4500
010 _aENG-139614
020 _a9789386392732
_c1050.00
035 _aEN-123146
037 _bDBAD/PUB
082 _a230.1
100 _aMcgrath, Kevin
_963087
245 _aRaja Yudhisthira:
_bKingship in Epic Mahabharta
_cBy Kevin McGrath ; Foreword by Gregory Nagy
260 _aHyderabad
_bOrient Blackswan Pvt Ltd
_c2017
270 _a3-6-752 Himayatnagar,
_bHyderabad
_e500029
_minfo@orientblackswan.com
300 _a246p.
_c24cm(HB)
700 _aNagy, Gregory
_963009
942 _2ddc
_cEN
_h230.1
_mMCG
999 _c201338
_d201338